000 01157cam a22003371 4500
999 _c174325
_d174325
001 6001771
003 Nust
005 20180724044616.0
008 751219s1946 nyu 000 1 eng
010 _a 46007098
020 _a9780007282555
_cRs. 260
035 _a(OCoLC)1897665
038 _aArshad
040 _aDLC
_cFU
_dOCoLC
_dDLC
050 0 0 _aPZ3.C4637
_bHo
_aPR6005.H66
082 0 0 _a823.912
_bCHR
100 1 _aChristie, Agatha,
_d1890-1976.
_92976
245 1 4 _aThe hollow;
_ba Hercule Poirot mystery.
260 _aNew York,
_bDodd, Mead & company,
_c1946.
300 _a384 p.
_c21 cm.
500 _aAt head of title: Agatha Christie.
500 _a"Red badge detective."
500 _a"Shorter version ... was published serially in Colier's under the title of the Outraged heart."
600 1 0 _aPoirot, Hercule
_c(Fictitious character)
_vFiction.
_911837
650 0 _aPrivate investigators
_zEngland
_zLondon
_vFiction.
_911952
651 0 _aLondon (England)
_vFiction.
_97300
655 7 _aDetective and mystery stories.
_2gsafd
_92977
906 _a7
_bcbc
_coclcrpl
_du
_encip
_f19
_gy-gencatlg
942 _2ddc
_cBK